| 000 | 00762nam a2200205 i 4500 | ||
|---|---|---|---|
| 001 | 144353 | ||
| 003 | ES-MaACL | ||
| 005 | 20230906201011.0 | ||
| 007 | t| | ||
| 008 | 070214s1973 sp r ||||1| spa d | ||
| 110 | 2 |
_aOrganización Sindical Española. _96077 |
|
| 245 | 1 | 0 |
_aSíntesis de actividades sindicales en el período 1968-1972 _b: anexo al Informe del Secretario General / _c[Organización Sindical Española ]. |
| 260 |
_a[Madrid : _bOrganización Sindical Española, _c1973] ( _fRivadeneyra) |
||
| 300 |
_a120 p. ; _c26 cm. |
||
| 490 | 1 | _aAsí son los sindicatos españoles | |
| 650 | 0 | 4 |
_aSindicatos- _zEspaña- _y1939-1975. _917120 |
| 830 | 0 |
_aAsí son los sindicatos españoles _9220662 |
|
| 852 |
_aES-MaACL _jC-55414 |
||
| 999 |
_c144353 _d144353 |
||